000 00521nam a22001577a 4500
999 _c535731
_d535731
020 _qHard Cover.
082 _a621.3
100 _aJamil, Nighat
245 _aAN EFFICIENT IMPLEMENTATION OF FAST FOURIER TRANSFORMATION ON XILINX FPGAS /
_cNighat Jamil.
260 _aIslamabad :
_bPNEC - NUST,
_c2012.
300 _avii, 37 p. : ill. ;
_c30cm.
942 _2ddc
_cTHE
650 _a Electrical Engineering MS-Thesis.
_916073
700 _aDr. Arshad Aziz.
_929617